000 00325nam a22001217u 4500
008 130405s2011 xxu||||| |||| 00| 0 eng d
041 _aeng
245 0 0 _aAnnuario Accademico 2010-2011
260 _aMilano:
_bFacoltà Teologica dell'Italia Settentretrional,
_c2011
300 _a365 p.
_c;19 cm.
942 _cBK
001 92232
999 _c286765
_d286765